| 000 | 00891nam a2200217 u 4500 | ||
|---|---|---|---|
| 001 | 000745046 | ||
| 003 | AM-YeHGA | ||
| 005 | 20250617143448.0 | ||
| 008 | 100622s1984 ||| r 000 0 rus d | ||
| 040 | _aAM-YeHGA | ||
| 041 | 0 | _arus | |
| 100 | 1 | _aШатрова, Галина Петровна | |
| 245 | 1 | 0 |
_aДекабрист Д.И. Завалишин : _bПроблемы формирования дворянской революционности и эволюция декабризма / _cГ.П. Шатрова. |
| 260 |
_aКрасноярск : _bИзд-во Красноярск. ун-та, _c1984. |
||
| 300 | _a198 с. | ||
| 504 | _aБиблиогр. в примеч. | ||
| 600 | 1 | 4 | _aЗавалишин, Дмитрий Иринархович |
| 653 | 0 | _aДекабристы | |
| 653 | 0 | _aОбщественная мысль в России, 19 в. | |
| 090 | _c277032 | ||
| 999 |
_c275386 _d275386 |
||